000 00386nam a2200133Ia 4500
008 231129s2004||||xx |||||||||||||| ||spa||
020 _a958-703-068-0 (obr
040 _bspa
082 _aR 036.1 E56d
245 0 _aEnciclopedia temática discovery
260 _c2004
264 _aBogotá Colombia : Editora Cultural Internacional
942 _2ddc
_cBKS
999 _c13026
_d13026